| 000 | 00529nam a2200217Ia 4500 | ||
|---|---|---|---|
| 003 | 0100 | ||
| 008 | 130303s9999 xx 000 0 und d | ||
| 040 | _cARRUPELIB | ||
| 050 | _aBR60.A62A4 | ||
| 100 | _aOrigen | ||
| 245 | _aTreatise on the passover and dialogue with Heraclides | ||
| 260 | _aNew York | ||
| 260 | _bPaulist Press | ||
| 260 | _C1992 | ||
| 300 | _a121p. | ||
| 300 | _b 23 cm | ||
| 440 | _aAncient christian writers; 54 | ||
| 650 | _bBloy, Leon | ||
| 700 | _aDaly, Robert J. (tr.) | ||
| 942 |
_2lcc _01 |
||
| 999 |
_c65098 _d65098 |
||